|
|
|
|
| LEADER |
01620cas a2200241 a 4500 |
| 001 |
AALejournalIMF000565 |
| 008 |
230101c9999 xx r poo 0 0eng d |
| 020 |
|
|
|c 5.00 USD
|
| 020 |
|
|
|z 9781451922196
|
| 022 |
|
|
|a 1018-5941
|
| 040 |
|
|
|a BD-DhAAL
|c BD-DhAAL
|
| 100 |
1 |
|
|a Gerson, Philip.
|
| 245 |
1 |
0 |
|a Poverty, Income Distribution, and Economic Policy in the Philippines /
|c Philip Gerson.
|
| 264 |
|
1 |
|a Washington, D.C. :
|b International Monetary Fund,
|c 1998.
|
| 300 |
|
|
|a 1 online resource (27 pages)
|
| 490 |
1 |
|
|a IMF Working Papers
|
| 500 |
|
|
|a <strong>Off-Campus Access:</strong> No User ID or Password Required
|
| 500 |
|
|
|a <strong>On-Campus Access:</strong> No User ID or Password Required
|
| 506 |
|
|
|a Electronic access restricted to authorized BRAC University faculty, staff and students
|
| 520 |
3 |
|
|a Income distribution in the Philippines is highly uneven, and poverty rates are higher than in other ASEAN countries. In addition, although the poverty rate has declined over time, the rate of decline has been lower than in other countries, and income inequality has been persistent. These facts are due to historically slow economic growth, owing in part to poor policies, as well as to past failures to reduce structural impediments to a more equal distribution of income. Despite reforms in recent years, it will likely take some time to erase the effects of past policies.
|
| 538 |
|
|
|a Mode of access: Internet
|
| 830 |
|
0 |
|a IMF Working Papers; Working Paper ;
|v No. 1998/020
|
| 856 |
4 |
0 |
|z Full text available on IMF
|u http://elibrary.imf.org/view/journals/001/1998/020/001.1998.issue-020-en.xml
|z IMF e-Library
|